[Event "Leiden SB-chA"]
[Site "Leiden"]
[Date "2014.06.10"]
[Round "5"]
[White "Aalders, Peter"]
[Black "Van der Zon, Stef"]
[Result "0-1"]
[WhiteElo "1884"]
[BlackElo "2168"]
[PlyCount "49"]
[EventDate "2014.05.13"]
[EventType "swiss"]
[EventRounds "7"]
[EventCountry "NED"]
[SourceTitle "EXT 2015"]
[Source "ChessBase"]
[SourceDate "2014.11.20"]
[SourceVersion "1"]
[SourceVersionDate "2014.11.20"]
[SourceQuality "1"]

1. d4 Nf6 2. c4 g6 3. Nc3 Bg7 4. e4 d6 5. f3 0-0 6. Be3 e5 7. Nge2 c6 8. Qd2 Nbd7 9. d5 cxd5 10. cxd5 Nb6 11. b3 Bd7 12. g4 h5 13. g5 Nh7 14. Nc1 f6 15. gxf6 Bxf6 16. Nd3 Bh4+ 17. Kd1 Ng5 18. Bxg5 Bxg5 19. Qg2 Rxf3 20. Be2 Rh3 21. Rg1 Bg4 22. Kc2 Rc8 23. Bxg4 hxg4 24. Qxg4 Qc7 25. Qxc8+ 0-1

[Event "Leiden SB-chA"]
[Site "Leiden"]
[Date "2014.05.20"]
[Round "2"]
[White "Oei, Hway Ik"]
[Black "Aalders, Peter"]
[Result "1/2-1/2"]
[WhiteElo "2016"]
[BlackElo "1884"]
[PlyCount "128"]
[EventDate "2014.05.13"]
[EventType "swiss"]
[EventRounds "7"]
[EventCountry "NED"]
[SourceTitle "EXT 2015"]
[Source "ChessBase"]
[SourceDate "2014.11.20"]
[SourceVersion "1"]
[SourceVersionDate "2014.11.20"]
[SourceQuality "1"]

1. d4 d5 2. c4 c6 3. Nf3 Nf6 4. Nc3 dxc4 5. a4 Bf5 6. Ne5 Nbd7 7. Nxc4 Qc7 8. Qd2 e5 9. dxe5 Ng4 10. e4 Be6 11. Nd6+ Bxd6 12. exd6 Qa5 13. Qg5 Qxg5 14. Bxg5 f6 15. Bf4 0-0-0 16. Be2 Nge5 17. b4 Ng6 18. Bg3 f5 19. exf5 Bxf5 20. 0-0 Rhe8 21. Rfe1 Nf6 22. Bf3 Bg4 23. Bxg4+ Nxg4 24. Rad1 Rxe1+ 25. Rxe1 Nf6 26. h3 Nh5 27. Bh2 Nhf4 28. Re4 Nd3 29. Rd4 Nde5 30. f4 Nf7 31. f5 Nf8 32. Ne4 b6 33. g4 Nd7 34. Kf2 Re8 35. Bf4 h6 36. Ng3 Kd8 37. Nh5 Rg8 38. Bg3 g6 39. Nf4 gxf5 40. gxf5 Nde5 41. Nh5 Nd7 42. Rg4 Rxg4 43. hxg4 Nde5 44. Bxe5 Nxe5 45. Nf6 Nd3+ 46. Ke3 Nxb4 47. Ke4 c5 48. Ke5 Nd3+ 49. Kd5 Nf2 50. Kc4 a6 51. Kd5 Nd1 52. Kc4 Ne3+ 53. Kd3 Nd1 54. Kc4 Ne3+ 55. Kd3 Nd1 56. Ke4 c4 57. Kd4 c3 58. Kd3 b5 59. axb5 axb5 60. Kc2 Ne3+ 61. Kxc3 h5 62. gxh5 Nxf5 63. Ne4 Kd7 64. Kb4 Kc6 1/2-1/2

[Event "Leiden SB-ch"]
[Site "Leiden"]
[Date "2009.05.19"]
[Round "1"]
[White "Aalders, Peter"]
[Black "Heemskerk, Wim"]
[Result "0-1"]
[WhiteElo "1804"]
[BlackElo "2182"]
[PlyCount "94"]
[EventDate "2009.05.19"]
[EventType "swiss"]
[EventRounds "7"]
[EventCountry "NED"]
[SourceTitle "EXT 2012"]
[Source "ChessBase"]
[SourceDate "2011.11.24"]
[SourceVersion "1"]
[SourceVersionDate "2011.11.24"]
[SourceQuality "1"]

1. Nf3 d5 2. d4 Nf6 3. c4 e6 4. Nc3 Be7 5. Bg5 h6 6. Bh4 0-0 7. e3 b6 8. Be2 Bb7 9. Bxf6 Bxf6 10. cxd5 exd5 11. 0-0 Nd7 12. Rc1 c6 13. Qa4 a5 14. Rfd1 Re8 15. Bf1 Qe7 16. g3 Qe6 17. Bg2 g5 18. Qc2 Kg7 19. Re1 g4 20. Nd2 c5 21. Ne2 Bg5 22. dxc5 bxc5 23. Nb3 Rec8 24. Nf4 Qe5 25. h4 Be7 26. Qd1 Nf6 27. Nd3 Qb8 28. Nbxc5 Bc6 29. b3 Bb5 30. Na4 Rxc1 31. Nxc1 Bb4 32. Ne2 Bxe1 33. Qxe1 Bxa4 34. bxa4 Qb4 35. Qa1 Rc8 36. Nf4 Qc3 37. Qxc3 Rxc3 38. Nxd5 Rc1+ 39. Kh2 Rc2 40. Nxf6 Kxf6 41. Kg1 Ke5 42. Bf1 Rxa2 43. Bb5 Rb2 44. Be8 f6 45. Kg2 Rb4 46. Bd7 Ke4 47. Bb5 Rxb5 0-1